书目信息 |
| 题名: |
中国环境政策
|
|
| 作者: | 王金南 , 田仁生 , 洪亚雄 主编 | |
| 分册: | 第一卷 | |
| 出版信息: | 北京 中国环境科学出版社 2004.11 |
|
| 页数: | 499页 | |
| 开本: | 26cm | |
| 丛书名: | ||
| 单 册: | ||
| 中图分类: | X-012 | |
| 科图分类: | ||
| 主题词: | 环境政策--huan jing zheng ce--研究--中国 , 环境政策--huan jing zheng ce | |
| 电子资源: | ||
| ISBN: | 7-80163-981-2 | |
| 000 | 01169nam0 2200325 450 | |
| 000 | 01195nam0 2200325 450 | |
| 000 | 01158nam0 2200313 450 | |
| 000 | 01141nam0 2200313 450 | |
| 000 | 01104nam0 2200301 450 | |
| 001 | CAL 012006036660 | |
| 005 | 20061027151503.48 | |
| 010 | @a7-80163-981-2@dCNY65.00 | |
| 099 | @aCAL 012006036660 | |
| 100 | @a20060825d2004 em y0chiy0120 ea | |
| 101 | 0 | @achi |
| 102 | @aCN@b110000 | |
| 105 | @aak z 000yy | |
| 200 | 1 | @a中国环境政策@Azhong guo huan jing zheng ce@d= Environmental policy research series@h第一卷@f王金南, 田仁生, 洪亚雄主编@zeng |
| 210 | @a北京@c中国环境科学出版社@d2004.11 | |
| 215 | @a499页@c图@d26cm | |
| 330 | @a本书分为环境战略、经济政策、管理体制等部分, 包括发展循环是21世纪环境保护的战略选择、中国农业发展对环境的影响等内容。 | |
| 510 | 1 | @aEnvironmental policy reaearch series@zeng |
| 606 | 0 | @a环境政策@Ahuan jing zheng ce@x研究@y中国 |
| 606 | 0 | @a环境政策@Ahuan jing zheng ce |
| 690 | @aX-012@v4 | |
| 701 | 0 | @a王金南@Awang jin nan@4主编 |
| 701 | 0 | @a田仁生@Atian ren sheng@4主编 |
| 701 | 0 | @a洪亚雄@Ahong ya xiong@4主编 |
| 801 | 0 | @aCN@c20061027 |
| 905 | @apdsgxy@dX-012@eW235 | |
| 中国环境政策= Environmental policy research series.第一卷/王金南, 田仁生, 洪亚雄主编.-北京:中国环境科学出版社,2004.11 |
| 499页:图;26cm |
| ISBN 7-80163-981-2:CNY65.00 |
| 本书分为环境战略、经济政策、管理体制等部分, 包括发展循环是21世纪环境保护的战略选择、中国农业发展对环境的影响等内容。 |
| ● |
| 相关链接 |
|
|
|
正题名:中国环境政策
索取号:X-012/W235
 
预约/预借
| 序号 | 登录号 | 条形码 | 馆藏地/架位号 | 状态 | 备注 |
| 1 | 632097 | 206320970 | 自科二线400A/400A自科库 28排3列2层/ [索取号:X-012/W235] | 在馆 | |
| 2 | 632098 | 206320989 | 自科二线400A/400A自科库 31排1列5层/ [索取号:X-012/W235] | 在馆 | |
| 3 | 632099 | 206320998 | 自科库501/501自科库 60排3列5层/ [索取号:X-012/W235] | 在馆 |